| 000 | 00514nam a2200205#a 4500 | ||
|---|---|---|---|
| 001 | 01749 | ||
| 003 | HDC | ||
| 007 | ta | ||
| 008 | 230623s2000 xx 000 0 eng d | ||
| 040 | _aHDC | ||
| 050 |
_asirim T59.2 _b .S57 2000 |
||
| 245 | 0 |
_aSIRIM corporate profile / _cSIRIM Berhad. |
|
| 264 |
_aShah Alam, Selangor : _bSIRIM Berhad, _c2000-. |
||
| 300 |
_a42p. : _b ill. ; _c 22cm. |
||
| 650 |
_aStandardization _zMalaysia. |
||
| 942 | _2lcc | ||
| 942 | _cBK | ||
| 942 | _ksirim T59.2 | ||
| 942 | _m .S57 2000 | ||
| 999 |
_c23312 _d23312 |
||